[Event "Niederoesterreich Landesliga 1819"]
[Site "Austria"]
[Date "2018.11.25"]
[Round "5.2"]
[White "Rudolf, Herbert"]
[Black "Dumancic, Pero"]
[Result "0-1"]
[WhiteElo "2089"]
[BlackElo "2069"]
[PlyCount "48"]
[EventDate "2018.09.30"]
[EventType "team-tourn"]
[EventRounds "11"]
[EventCountry "AUT"]
[SourceTitle "CBM 189 Extra"]
[Source "ChessBase"]
[SourceDate "2019.05.31"]
[SourceVersion "1"]
[SourceVersionDate "2019.05.31"]
[SourceQuality "1"]
[WhiteTeam "Baden Invest"]
[BlackTeam "Amstetten"]
[WhiteTeamCountry "AUT"]
[BlackTeamCountry "AUT"]

1. d4 Nf6 2. Nc3 d5 3. Bg5 h6 4. Bxf6 exf6 5. e3 Be6 6. g3 f5 7. Bg2 c6 8. Nf3 Nd7 9. 0-0 Bd6 10. Ne2 g5 11. b3 g4 12. Nd2 h5 13. c4 Qg5 14. Qc2 h4 15. Rfd1 Nf6 16. Nf4 Qh6 17. Rac1 Ne4 18. Nxe4 fxe4 19. cxd5 cxd5 20. Qe2 a6 21. Qd2 Bd7 22. Nxd5 hxg3 23. hxg3 Qh2+ 24. Kf1 Bb5+ 0-1

[Event "Niederoesterreich Landesliga 1617"]
[Site "Austria"]
[Date "2017.02.19"]
[Round "7.4"]
[White "Busuioc, Alexandra"]
[Black "Rudolf, Herbert"]
[Result "0-1"]
[WhiteElo "1950"]
[BlackElo "2110"]
[PlyCount "48"]
[EventDate "2016.10.02"]
[EventType "team-tourn"]
[EventRounds "11"]
[EventCountry "AUT"]
[SourceTitle "EXT 2018"]
[Source "ChessBase"]
[SourceDate "2017.10.13"]
[SourceVersion "1"]
[SourceVersionDate "2017.10.13"]
[SourceQuality "1"]
[WhiteTeam "Kottingbrunn"]
[BlackTeam "Baden Invest II"]
[WhiteTeamCountry "AUT"]
[BlackTeamCountry "AUT"]

1. e4 d5 2. exd5 Nf6 3. Bb5+ Nbd7 4. Nc3 a6 5. Bxd7+ Qxd7 6. Qf3 b5 7. d6 c6 8. dxe7 Bxe7 9. Nge2 Bb7 10. Ne4 Nxe4 11. Qxe4 c5 12. Qe5 0-0-0 13. 0-0 Bd6 14. Qc3 Rhe8 15. Ng3 Qc6 16. f3 Be5 17. Qa3 g5 18. Ne4 Bd4+ 19. Nf2 g4 20. Qb3 c4 21. Qa3 gxf3 22. Qxf3 Qxf3 23. gxf3 Rg8+ 24. Kh1 Bxf3# 0-1

[Event "AUT-chT2O 1415"]
[Site "Austria"]
[Date "2015.02.22"]
[Round "9.3"]
[White "Chytilek, Roman"]
[Black "Rudolf, Herbert"]
[Result "1-0"]
[WhiteElo "2362"]
[BlackElo "2144"]
[PlyCount "39"]
[EventDate "2014.10.18"]
[EventType "team-tourn"]
[EventRounds "11"]
[EventCountry "AUT"]
[SourceTitle "EXT 2016"]
[Source "ChessBase"]
[SourceDate "2015.10.08"]
[SourceVersion "1"]
[SourceVersionDate "2015.10.08"]
[SourceQuality "1"]
[WhiteTeam "Stockerau"]
[BlackTeam "Baden Invest"]
[WhiteTeamCountry "AUT"]
[BlackTeamCountry "AUT"]

1. Nf3 Nf6 2. c4 g6 3. Nc3 d5 4. cxd5 Nxd5 5. Qb3 Nb6 6. d4 Bg7 7. Bf4 0-0 8. e3 Be6 9. Qa3 c6 10. Be2 N8d7 11. 0-0 Bc4 12. Bxc4 Nxc4 13. Qb3 Ncb6 14. Rfd1 Nf6 15. e4 e6 16. a4 Nh5 17. Be3 Qe7 18. a5 Nc8 19. d5 cxd5 20. exd5 1-0

[Event "Niederoesterreich Landesliga 1213"]
[Site "Austria"]
[Date "2013.03.17"]
[Round "7.3"]
[White "Rudolf, Herbert"]
[Black "Schmid, Thomas2"]
[Result "0-1"]
[WhiteElo "2090"]
[BlackElo "2183"]
[PlyCount "90"]
[EventDate "2012.09.30"]
[EventType "team-tourn"]
[EventRounds "7"]
[EventCountry "AUT"]
[SourceTitle "EXT 2022"]
[Source "ChessBase"]
[SourceDate "2021.10.06"]
[SourceVersion "1"]
[SourceVersionDate "2021.10.06"]
[SourceQuality "1"]

1. Nf3 Nf6 2. c4 g6 3. b4 Bg7 4. Bb2 0-0 5. g3 d6 6. Bg2 e5 7. d3 Nh5 8. Nc3 f5 9. Qb3 a5 10. bxa5 Rxa5 11. 0-0 Kh8 12. e3 g5 13. Nd2 c6 14. Ne2 Ra6 15. f4 Rb6 16. Qc2 Rxb2 17. Qxb2 exf4 18. d4 fxe3 19. Nb3 f4 20. gxf4 Nxf4 21. Nxf4 gxf4 22. Qe2 Qh4 23. Kh1 Nd7 24. Qf3 c5 25. Rad1 cxd4 26. Nxd4 Ne5 27. Qd5 e2 28. Nxe2 Ng4 29. h3 Nf2+ 30. Rxf2 Qxf2 31. Nd4 Re8 32. Qxd6 Bxh3 33. Bxh3 Re1+ 34. Rxe1 Qxe1+ 35. Kh2 Qg3+ 36. Kh1 Qxh3+ 37. Kg1 Qe3+ 38. Kg2 h6 39. Qd8+ Kh7 40. Qd7 Qxd4 41. Qf5+ Kg8 42. Qe6+ Kf8 43. Qc8+ Kf7 44. Qxb7+ Kg6 45. Qc6+ Kg5 0-1

[Event "AUT-chT2O 1112"]
[Site "Austria"]
[Date "2012.03.04"]
[Round "7.4"]
[White "Rudolf, Herbert"]
[Black "Wolfram, Bernd"]
[Result "1/2-1/2"]
[WhiteElo "2111"]
[BlackElo "2199"]
[PlyCount "31"]
[EventDate "2011.10.15"]
[EventType "team-tourn"]
[EventRounds "11"]
[EventCountry "AUT"]
[SourceTitle "EXT 2013"]
[Source "ChessBase"]
[SourceDate "2012.11.22"]
[SourceVersion "1"]
[SourceVersionDate "2012.11.22"]
[SourceQuality "1"]
[WhiteTeam "Wulkaprodersdorf"]
[BlackTeam "Niederabsdorf"]
[WhiteTeamCountry "AUT"]
[BlackTeamCountry "AUT"]

1. d4 Nf6 2. Nc3 d5 3. Bg5 Nbd7 4. Nf3 g6 5. e3 Bg7 6. Bd3 c5 7. 0-0 0-0 8. Re1 b6 9. e4 dxe4 10. Nxe4 Bb7 11. dxc5 Nxc5 12. Nxc5 bxc5 13. Qe2 Qb6 14. Ne5 Rab8 15. Nc4 Qc6 16. f3 1/2-1/2

[Event "Niederoesterreich Landesliga 1112"]
[Site "Austria"]
[Date "2011.11.27"]
[Round "5"]
[White "Neumeier, Klaus"]
[Black "Rudolf, Herbert"]
[Result "1/2-1/2"]
[WhiteElo "2286"]
[BlackElo "2070"]
[PlyCount "62"]
[EventDate "2011.09.18"]
[EventType "team-tourn"]
[EventRounds "11"]
[EventCountry "AUT"]
[SourceTitle "EXT 2022"]
[Source "ChessBase"]
[SourceDate "2021.10.06"]
[SourceVersion "1"]
[SourceVersionDate "2021.10.06"]
[SourceQuality "1"]

1. e4 d5 2. exd5 Nf6 3. d4 Nxd5 4. Nf3 g6 5. c4 Nb6 6. Nc3 Bg7 7. Be2 0-0 8. 0-0 Nc6 9. d5 Ne5 10. c5 Nbd7 11. Be3 c6 12. Nxe5 Bxe5 13. Bd4 Bxd4 14. Qxd4 Nf6 15. Rfd1 Nxd5 16. Nxd5 cxd5 17. Qxd5 Qxd5 18. Rxd5 Be6 19. Rd2 Rfd8 20. Rad1 Rxd2 21. Rxd2 Rc8 22. b4 b6 23. cxb6 axb6 24. f4 Kg7 25. a4 Rc1+ 26. Kf2 Ra1 27. h4 h5 28. g3 Rxa4 29. Kf3 Ra3+ 30. Kf2 Ra2 31. Rxa2 Bxa2 1/2-1/2

[Event "AUT-chT2O 1112"]
[Site "Austria"]
[Date "2011.10.15"]
[Round "1.6"]
[White "Adler, Thomas"]
[Black "Rudolf, Herbert"]
[Result "1/2-1/2"]
[WhiteElo "1998"]
[BlackElo "2111"]
[PlyCount "75"]
[EventDate "2011.10.15"]
[EventType "team-tourn"]
[EventRounds "11"]
[EventCountry "AUT"]
[SourceTitle "EXT 2013"]
[Source "ChessBase"]
[SourceDate "2012.11.22"]
[SourceVersion "1"]
[SourceVersionDate "2012.11.22"]
[SourceQuality "1"]
[WhiteTeam "Nickelsdorf"]
[BlackTeam "Wulkaprodersdorf"]
[WhiteTeamCountry "AUT"]
[BlackTeamCountry "AUT"]

1. e4 d5 2. exd5 Nf6 3. c4 c6 4. d4 cxd5 5. Nc3 g6 6. Nf3 Bg7 7. Be2 0-0 8. 0-0 Nc6 9. h3 dxc4 10. Bxc4 Na5 11. Be2 Be6 12. Re1 Nd5 13. Ng5 Nxc3 14. bxc3 Bd5 15. Bf3 Rc8 16. Bd2 Re8 17. Bxd5 Qxd5 18. Qg4 h6 19. Nf3 Qf5 20. Qg3 Nc4 21. Bf4 g5 22. Bc1 e5 23. dxe5 Nxe5 24. Nd4 Qg6 25. Ba3 Nc4 26. Nb5 Nxa3 27. Nxa3 Rxe1+ 28. Rxe1 Rxc3 29. Qb8+ Kh7 30. Qxa7 Qc6 31. Qa5 b6 32. Qf5+ Qg6 33. Qxg6+ Kxg6 34. Nb5 Rc2 35. Rd1 Be5 36. Nd6 Rxa2 37. Nc4 Bc7 38. Nxb6 1/2-1/2

[Event "Niederoesterreich Landesliga 1011"]
[Site "Austria"]
[Date "2011.01.23"]
[Round "9"]
[White "Rudolf, Herbert"]
[Black "Ehs, Dominik"]
[Result "1-0"]
[WhiteElo "2068"]
[BlackElo "1855"]
[PlyCount "69"]
[EventDate "2010.09.12"]
[EventType "team-tourn"]
[EventRounds "13"]
[EventCountry "AUT"]
[SourceTitle "EXT 2022"]
[Source "ChessBase"]
[SourceDate "2021.10.06"]
[SourceVersion "1"]
[SourceVersionDate "2021.10.06"]
[SourceQuality "1"]

1. e4 e5 2. Nf3 Nf6 3. d4 Nxe4 4. dxe5 d5 5. Nbd2 Be7 6. Nxe4 dxe4 7. Qxd8+ Bxd8 8. Ng5 Bxg5 9. Bxg5 Nc6 10. Bb5 Bd7 11. 0-0-0 Nxe5 12. Bxd7+ Nxd7 13. Rhe1 Nc5 14. b4 Ne6 15. Rxe4 0-0 16. Be3 a5 17. b5 Rfd8 18. Rxd8+ Rxd8 19. f4 g6 20. g4 c6 21. bxc6 bxc6 22. f5 Ng7 23. fxg6 hxg6 24. Ra4 Re8 25. Bd2 Re2 26. h4 Rh2 27. g5 Nf5 28. Rxa5 Kf8 29. Re5 Rxh4 30. a3 Nd6 31. Bb4 Rd4 32. c3 Rxb4 33. cxb4 Nb5 34. Kb2 Nd6 35. Kb3 1-0

[Event "Niederoesterreich Landesliga 0809"]
[Site "Austria"]
[Date "2009.03.08"]
[Round "10"]
[White "Schmid, Thomas2"]
[Black "Rudolf, Herbert"]
[Result "1/2-1/2"]
[WhiteElo "2188"]
[BlackElo "2097"]
[PlyCount "58"]
[EventDate "2008.09.28"]
[EventType "team-tourn"]
[EventRounds "11"]
[EventCountry "AUT"]
[SourceTitle "EXT 2022"]
[Source "ChessBase"]
[SourceDate "2021.10.06"]
[SourceVersion "1"]
[SourceVersionDate "2021.10.06"]
[SourceQuality "1"]

1. e4 d5 2. exd5 Nf6 3. d4 Nxd5 4. Nf3 g6 5. Be2 Bg7 6. 0-0 0-0 7. Re1 Na6 8. h3 c5 9. Bxa6 bxa6 10. dxc5 Bb7 11. Qe2 Qc7 12. c4 Nf4 13. Qe3 e5 14. Nc3 Rad8 15. Nd5 Nxd5 16. cxd5 Rxd5 17. Nd2 Rxc5 18. Ne4 Rc4 19. Nc3 Qc6 20. Qg3 f5 21. f3 Rd8 22. Qf2 e4 23. fxe4 fxe4 24. Be3 Rd3 25. Rad1 Qd7 26. Rd2 Rc8 27. Red1 Rd8 28. Rxd3 exd3 29. Bxa7 Qc6 1/2-1/2

[Event "AUT-chT2O 0809"]
[Site "Austria"]
[Date "2008.10.05"]
[Round "3.5"]
[White "Rudolf, Herbert"]
[Black "Bachofner, Christian"]
[Result "1/2-1/2"]
[WhiteElo "2137"]
[BlackElo "2110"]
[PlyCount "21"]
[EventDate "2008.10.03"]
[EventType "tourn"]
[EventRounds "11"]
[EventCountry "AUT"]
[SourceTitle "EXT 2009"]
[Source "ChessBase"]
[SourceDate "2008.11.26"]
[SourceVersion "1"]
[SourceVersionDate "2008.11.26"]
[SourceQuality "1"]
[WhiteTeam "Baden II"]
[BlackTeam "Nickelsdorf"]
[WhiteTeamCountry "AUT"]
[BlackTeamCountry "AUT"]

1. e4 c5 2. d4 cxd4 3. c3 d3 4. Bxd3 d6 5. c4 Nf6 6. Nc3 e6 7. Nf3 Be7 8. 0-0 Nc6 9. h3 0-0 10. Be3 a6 11. Rc1 1/2-1/2

[Event "AUT-chT2O 0607"]
[Site "Austria"]
[Date "2007.03.11"]
[Round "9.1"]
[White "Rudolf, Herbert"]
[Black "Alvir, Aco"]
[Result "1/2-1/2"]
[WhiteElo "2216"]
[BlackElo "2370"]
[PlyCount "38"]
[EventDate "2006.10.06"]
[EventType "team-tourn"]
[EventRounds "11"]
[EventCountry "AUT"]
[SourceTitle "EXT 2007"]
[Source "ChessBase"]
[SourceDate "2006.11.23"]
[SourceVersion "1"]
[SourceVersionDate "2006.11.23"]
[SourceQuality "1"]
[WhiteTeam "Wulkaprodersdorf"]
[BlackTeam "Pamhagen"]
[WhiteTeamCountry "AUT"]
[BlackTeamCountry "AUT"]

1. e4 g6 2. d4 Bg7 3. Nf3 d6 4. Nc3 Nf6 5. Be2 0-0 6. 0-0 Nc6 7. d5 Nb8 8. h3 c6 9. Re1 Re8 10. Bg5 h6 11. Bf4 cxd5 12. exd5 Nbd7 13. Qd2 Kh7 14. a4 a6 15. Bf1 Nf8 16. a5 b5 17. axb6 Qxb6 18. Na4 Qb7 19. c4 e5 1/2-1/2

[Event "AUT-chT2O 0607"]
[Site "Austria"]
[Date "2007.01.21"]
[Round "7.1"]
[White "Rudolf, Herbert"]
[Black "Hangweyrer, Manfred"]
[Result "0-1"]
[WhiteElo "2216"]
[BlackElo "2389"]
[PlyCount "62"]
[EventDate "2006.10.06"]
[EventType "team-tourn"]
[EventRounds "11"]
[EventCountry "AUT"]
[SourceTitle "EXT 2007"]
[Source "ChessBase"]
[SourceDate "2006.11.23"]
[SourceVersion "1"]
[SourceVersionDate "2006.11.23"]
[SourceQuality "1"]
[WhiteTeam "Wulkaprodersdorf"]
[BlackTeam "Wien Austria"]
[WhiteTeamCountry "AUT"]
[BlackTeamCountry "AUT"]

1. Nf3 Nf6 2. c4 e6 3. g3 d5 4. Bg2 Be7 5. 0-0 0-0 6. b3 c5 7. Bb2 Nc6 8. e3 Qd7 9. Qe2 Rd8 10. cxd5 Nxd5 11. d4 cxd4 12. Nxd4 Nxd4 13. Bxd4 b6 14. Nc3 Bb7 15. Nxd5 Bxd5 16. Qg4 Bf8 17. Bxd5 Qxd5 18. Rfd1 Qb7 19. Rac1 Rd5 20. Bb2 Rad8 21. Rxd5 Qxd5 22. Qd4 Qa8 23. Qc3 Qf3 24. a4 h5 25. h4 Rd5 26. Re1 a5 27. Qc6 Bb4 28. Rf1 Bd6 29. Qc8+ Kh7 30. Qc4 Bxg3 31. Qc2+ Rf5 0-1

[Event "AUT-chT2O 0607"]
[Site "Austria"]
[Date "2006.10.08"]
[Round "3.1"]
[White "Rudolf, Herbert"]
[Black "Schroll, Gerhard"]
[Result "1/2-1/2"]
[WhiteElo "2216"]
[BlackElo "2377"]
[PlyCount "62"]
[EventDate "2006.10.06"]
[EventType "team-tourn"]
[EventRounds "11"]
[EventCountry "AUT"]
[SourceTitle "EXT 2007"]
[Source "ChessBase"]
[SourceDate "2006.11.23"]
[SourceVersion "1"]
[SourceVersionDate "2006.11.23"]
[SourceQuality "1"]
[WhiteTeam "Wulkaprodersdorf"]
[BlackTeam "Neustaedt SV"]
[WhiteTeamCountry "AUT"]
[BlackTeamCountry "AUT"]

1. Nf3 f5 2. d3 d6 3. e4 e5 4. Nc3 Nc6 5. Be2 Nf6 6. 0-0 Be7 7. Nd5 fxe4 8. Nxf6+ Bxf6 9. dxe4 Be6 10. Nd2 Qd7 11. Bc4 Qf7 12. Bxe6 Qxe6 13. c3 0-0-0 14. Qb3 Qe8 15. Nc4 Qg6 16. f3 Bg5 17. a4 Kb8 18. Bxg5 Qxg5 19. Rad1 Qh6 20. Qc2 Qe6 21. Ne3 Ne7 22. b4 h5 23. b5 g5 24. a5 g4 25. Kh1 Qg6 26. a6 b6 27. Qa2 gxf3 28. gxf3 Rhg8 29. Rd2 Rdf8 30. Rg2 Qh7 31. Rxg8 Qxg8 1/2-1/2

[Event "Niederoesterreich Landesliga 0506"]
[Site "Austria"]
[Date "2005.12.04"]
[Round "7"]
[White "Rudolf, Herbert"]
[Black "Wadsack, Wolfgang"]
[Result "0-1"]
[WhiteElo "2175"]
[BlackElo "2219"]
[PlyCount "80"]
[EventDate "2005.09.18"]
[EventType "team-tourn"]
[EventRounds "13"]
[EventCountry "AUT"]
[SourceTitle "EXT 2022"]
[Source "ChessBase"]
[SourceDate "2021.10.06"]
[SourceVersion "1"]
[SourceVersionDate "2021.10.06"]
[SourceQuality "1"]

1. e4 d5 2. exd5 Nf6 3. d4 Nxd5 4. Nf3 Bg4 5. c4 Nb6 6. Be2 Nc6 7. 0-0 e6 8. Nc3 Bxf3 9. Bxf3 Nxc4 10. Bxc6+ bxc6 11. Qa4 Nb6 12. Qxc6+ Qd7 13. Qxd7+ Kxd7 14. Bf4 Bd6 15. Bxd6 cxd6 16. Rac1 Rhc8 17. b3 Rc6 18. Ne2 Rac8 19. f3 Rc2 20. Rxc2 Rxc2 21. Rf2 Rxa2 22. Nc3 Ra1+ 23. Rf1 Ra3 24. Rb1 Nd5 25. Nxd5 exd5 26. Kf2 Kc6 27. g4 a5 28. h4 Kb5 29. Rc1 Rxb3 30. Rc7 a4 31. Rxf7 Ka6 32. Rf8 Rb7 33. Rc8 Ka5 34. Ra8+ Kb4 35. f4 Kb3 36. f5 a3 37. Kf3 Kb2 38. Kf4 a2 39. g5 a1Q 40. Rxa1 Kxa1 0-1

[Event "AUT-chT2O 0405"]
[Site "Austria"]
[Date "2005.04.09"]
[Round "10.4"]
[White "Rudolf, Herbert"]
[Black "Wiedner, Robert"]
[Result "1/2-1/2"]
[WhiteElo "2225"]
[BlackElo "2216"]
[PlyCount "23"]
[EventDate "2004.10.09"]
[EventType "team-tourn"]
[EventRounds "11"]
[EventCountry "AUT"]
[SourceTitle "EXT 2005"]
[Source "ChessBase"]
[SourceDate "2004.11.15"]
[SourceVersion "1"]
[SourceVersionDate "2004.11.15"]
[SourceQuality "1"]
[WhiteTeam "Wulkaprodersdorf"]
[BlackTeam "Neustaed SV"]
[WhiteTeamCountry "AUT"]
[BlackTeamCountry "AUT"]

1. Nf3 d5 2. c4 e6 3. g3 Nf6 4. Bg2 c6 5. b3 Be7 6. 0-0 Ne4 7. Bb2 Bf6 8. Qc2 Bxb2 9. Qxb2 Qf6 10. Qxf6 Nxf6 11. d4 Ke7 12. Nc3 1/2-1/2

[Event "AUT-chT2O 0203"]
[Site "Austria"]
[Date "2003.03.08"]
[Round "10.4"]
[White "Stanivukovic, Drago"]
[Black "Rudolf, Herbert"]
[Result "0-1"]
[WhiteElo "2196"]
[BlackElo "2228"]
[PlyCount "70"]
[EventDate "2002.10.25"]
[EventType "team-tourn"]
[EventRounds "11"]
[EventCountry "AUT"]
[SourceTitle "EXT 2020"]
[Source "ChessBase"]
[SourceDate "2019.10.17"]
[SourceVersion "1"]
[SourceVersionDate "2019.10.17"]
[SourceQuality "1"]
[WhiteTeam "Stockerau"]
[BlackTeam "Baden EBV"]
[WhiteTeamCountry "AUT"]
[BlackTeamCountry "AUT"]

1. e4 c5 2. Nf3 Nc6 3. d4 cxd4 4. Nxd4 g6 5. Nxc6 bxc6 6. Qd4 Nf6 7. e5 Nd5 8. e6 Nf6 9. exf7+ Kxf7 10. Bd3 Bg7 11. 0-0 Rf8 12. Nc3 Kg8 13. Qh4 Rb8 14. Bh6 Rxb2 15. Bc4+ d5 16. Bb3 Bxh6 17. Qxh6 Ba6 18. Rfe1 Ng4 19. Qh4 Nxf2 20. Rxe7 h5 21. Qg5 Qd6 22. Nxd5 Rxb3 23. axb3 cxd5 24. Rae1 Ne4 25. R7xe4 dxe4 26. Qe3 Qb6 27. Qxb6 axb6 28. g4 Rf4 29. gxh5 gxh5 30. Kg2 h4 31. c4 Bb7 32. Kg1 Rf3 33. Rd1 Rd3 34. Rb1 e3 35. Kf1 Bf3 0-1

[Event "Oberwart op"]
[Site "Oberwart"]
[Date "2001.??.??"]
[Round "6"]
[White "Lendwai, Reinhard"]
[Black "Rudolf, Herbert"]
[Result "1/2-1/2"]
[WhiteElo "2378"]
[BlackElo "2206"]
[PlyCount "82"]
[EventDate "2001.??.??"]
[EventType "swiss"]
[EventRounds "9"]
[EventCountry "AUT"]
[SourceTitle "EXT 2002"]
[Source "ChessBase"]
[SourceDate "2001.11.25"]
[SourceVersion "1"]
[SourceVersionDate "2001.11.25"]
[SourceQuality "1"]

1. Nf3 Nf6 2. d4 g6 3. Bg5 Bg7 4. e3 0-0 5. Nbd2 d6 6. Be2 Nbd7 7. a4 h6 8. Bh4 e5 9. c3 Re8 10. dxe5 Nxe5 11. 0-0 Nxf3+ 12. Bxf3 d5 13. a5 c6 14. Qa4 a6 15. Rad1 Qe7 16. Rfe1 g5 17. Bg3 Bf5 18. h3 Ne4 19. Nxe4 Bxe4 20. Be2 Rad8 21. Qb3 Rd7 22. Bg4 Rdd8 23. Rd2 Bg6 24. Red1 f5 25. Bf3 Bf7 26. Qb6 Bf6 27. Be2 Rd7 28. Bd3 Be6 29. Bf1 Red8 30. Bd3 Kg7 31. Kf1 c5 32. Be2 Bf7 33. Bf3 h5 34. h4 g4 35. Be2 Bxh4 36. Bf4 Bf6 37. g3 Be6 38. Kg1 h4 39. gxh4 Bxh4 40. Bf1 Bf6 41. Bg2 Kf7 1/2-1/2

[Event "Oberwart op"]
[Site "Oberwart"]
[Date "2001.??.??"]
[Round "5"]
[White "Rudolf, Herbert"]
[Black "Fercec, Nenad"]
[Result "0-1"]
[WhiteElo "2206"]
[BlackElo "2450"]
[PlyCount "80"]
[EventDate "2001.??.??"]
[EventType "swiss"]
[EventRounds "9"]
[EventCountry "AUT"]
[SourceTitle "EXT 2002"]
[Source "ChessBase"]
[SourceDate "2001.11.25"]
[SourceVersion "1"]
[SourceVersionDate "2001.11.25"]
[SourceQuality "1"]

1. e4 c5 2. Nf3 d6 3. Bb5+ Nd7 4. d4 Ngf6 5. Nc3 a6 6. Bxd7+ Nxd7 7. 0-0 e6 8. Bg5 f6 9. Be3 Be7 10. dxc5 dxc5 11. Nd2 0-0 12. a4 b6 13. Nc4 Bb7 14. f3 Bc6 15. Nd2 Bd6 16. Qe2 Qe8 17. Rfd1 Bc7 18. Qf2 f5 19. exf5 exf5 20. f4 Rf6 21. Nf3 Rg6 22. h3 Re6 23. Re1 Qh5 24. Rad1 Rae8 25. Ng5 R6e7 26. Nd5 Bxd5 27. Rxd5 h6 28. Nf3 Nf6 29. Rdd1 Ne4 30. Qe2 Ng3 31. Qc4+ Kh7 32. Bd2 Ne2+ 33. Kh1 Re4 34. Qxa6 Qg6 35. Qd3 Bxf4 36. Rxe2 Rxe2 37. Nh4 Rxd2 38. Qxd2 Qg3 39. Nf3 Bxd2 40. Rxd2 Re1+ 0-1